000 01020cab a2200241 4500
001 WB2945-34
008 090401t1993 xxu||||| |||| 00| 0 eng d
035 _a(Sirsi) u36192
041 _aeng
245 _aPublican puts brewing giant in the dock
260 _c1993
350 _a0
490 _aTimes
_v29 November 1993, 10(1)
520 _aReports on a test case due to be heard in the high court brought by Norwich publican James Little over his claim for entitlement to exercise his option to renew his original lease. Decision awaited with interest by 430 Courage leaseholders who have refused to sign 20-year Inntrepreneur leases. Case study highlights the plight of publicans which the implementation of the Beer Orders was supposed to prevent.
650 _aBEER ORDERS
650 _aMONOPOLY AND MERGERS COMMISSION
650 _aPUB LEASES
650 _aRENEWAL OF ORIGINAL LEASE
650 _aTEST CASE
690 _aLANDLORD AND TENANT-BUSINESS TENANCIES
942 _n0
948 _c04/03/1997
999 _c23590
_d23590